000
00293nam a2200109Ia 4500
008
190216s9999||||xx |||||||||||||| ||und||
100
_a
Lenin V I
245
0
_a
"Lenin Thiranjedutha Krithikal Vol I,Ii,Iii"
260
_b
Prabhatham Printing &publishing Comp
650
_a
Malayalam
942
_c
BK
999
_c
18864
_d
18864